[Event "Eliteserien 2017 - 18"]
[Site "Stavanger og Oslo"]
[Date "2017.11.03"]
[Round "1"]
[White "Østmoe, Geir Sune Tallaksen"]
[Black "Fossan, Erik"]
[Result "0-1"]
[WhiteElo "2464"]
[BlackElo "2342"]
[PlyCount "158"]
[EventDate "2017.??.??"]

1. d4 Nf6 2. c4 e6 3. Nf3 Bb4+ 4. Nbd2 O-O 5. a3 Be7 6. e4 d5 7. e5 Nfd7 8. Bd3
c5 9. h4 h6 10. Bb1 Re8 11. cxd5 exd5 12. Qc2 Nf8 13. dxc5 a5 14. Nb3 a4 15.
Nbd4 Qa5+ 16. Bd2 Qxc5 17. Ba2 Nc6 18. Qd3 Qb6 19. Bc3 Bc5 20. O-O Nxe5 21.
Nxe5 Rxe5 22. Rad1 Re4 23. Bxd5 Rxh4 24. Nf5 Rf4 25. Qg3 Ng6 26. Ne3 Be6 27.
Bxe6 Qxe6 28. Rd3 Re8 29. Rfd1 Qc6 30. R1d2 Rfe4 31. Rd1 h5 32. Bd4 Bxd4 33.
Rxd4 Rxd4 34. Rxd4 Qc1+ 35. Kh2 Qxb2 36. Rxa4 h4 37. Qf3 Qe5+ 38. g3 hxg3+ 39.
Qxg3 Qb5 40. Rc4 Qa6 41. Nd5 Re5 42. Ne3 Qxa3 43. Qg4 b5 44. Rd4 Qc5 45. Rd8+
Kh7 46. Qc8 Qxc8 47. Rxc8 Ne7 48. Rc7 Kg6 49. Rb7 Nf5 50. Ng4 Rc5 51. f4 f6 52.
Kg2 Rc4 53. Kf3 b4 54. Rb6 Rc3+ 55. Ke4 Rc4+ 56. Kf3 Rc3+ 57. Ke4 Ng3+ 58. Kd4
Ne2+ 59. Ke4 Ng3+ 60. Kd4 Ne2+ 61. Ke4 Rc4+ 62. Ke3 Kf5 63. Nxf6 gxf6 64. Kxe2
Rxf4 65. Ke3 Kg4 66. Rb8 Rf3+ 67. Ke2 Rb3 68. Kd2 f5 69. Kc2 Rc3+ 70. Kd2 Rb3
71. Kc2 Re3 72. Rxb4+ f4 73. Kd2 Kg3 74. Rb8 Re5 75. Kd3 f3 76. Kd4 Re1 77.
Rg8+ Kf2 78. Kd3 Rd1+ 79. Kc2 Rd5
0-1

[Event "Eliteserien 2017 - 18"]
[Site "Stavanger og Oslo"]
[Date "2017.11.03"]
[Round "1"]
[White "Fossan, Petter"]
[Black "Haubro, Martin"]
[Result "1-0"]
[WhiteElo "2304"]
[BlackElo "2297"]
[PlyCount "81"]
[EventDate "2017.??.??"]

1. e4 c5 2. Nf3 d6 3. d4 cxd4 4. Nxd4 Nf6 5. Nc3 a6 6. Bg5 Nbd7 7. Qe2 h6 8.
Bh4 g6 9. f4 e5 10. fxe5 dxe5 11. Nf3 Qc7 12. O-O-O b5 13. Nd5 Nxd5 14. exd5
Qd6 15. g4 Bg7 16. Bg2 O-O 17. Bg3 Re8 18. Rde1 Bb7 19. Nd4 Qf6 20. Nc6 Bxc6
21. dxc6 e4 22. c3 Nc5 23. c7 Rac8 24. Kb1 Qb6 25. Qe3 b4 26. c4 Qf6 27. Re2
Na4 28. Rf1 Qe6 29. Bxe4 Qxc4 30. Rc1 Qb5 31. Qd3 Qa5 32. Bb7 Nc5 33. Bxc8 Nxd3
34. Rxe8+ Kh7 35. Bd7 b3 36. axb3 Bxb2 37. Ba4 Nxc1 38. c8=Q Nd3 39. Qd7 Qd2
40. Qxf7+ Bg7 41. Qg8#
1-0

[Event "Eliteserien 2017 - 18"]
[Site "Stavanger og Oslo"]
[Date "2017.11.03"]
[Round "1"]
[White "Østenstad, Berge"]
[Black "Tallaksen, Levi André"]
[Result "1-0"]
[WhiteElo "2448"]
[BlackElo "2276"]
[PlyCount "161"]
[EventDate "2017.??.??"]

1. d4 Nf6 2. c4 e6 3. Nf3 Bb4+ 4. Bd2 Qe7 5. Nc3 b6 6. Rc1 Bb7 7. g3 c5 8. dxc5
Bxc5 9. Bg2 O-O 10. a3 d5 11. b4 Bd6 12. cxd5 Nxd5 13. Nb5 Rd8 14. O-O Nc6 15.
Nxd6 Qxd6 16. Qb3 a5 17. Rfd1 Qe7 18. b5 a4 19. Qc2 Na7 20. Qxa4 Nc8 21. Qc2
Nd6 22. a4 Rdc8 23. Qb3 Ne4 24. Rxc8+ Bxc8 25. Qc2 Nxd2 26. Nxd2 Bb7 27. Nc4
Qc5 28. Qb3 Rc8 29. Rc1 Ba8 30. e3 h6 31. Qd1 Nb4 32. Bxa8 Rxa8 33. Nd6 Qe5 34.
Nxf7 Qd5 35. Qxd5 Nxd5 36. Nd6 Rxa4 37. Rc8+ Kh7 38. Rc6 Rb4 39. Kg2 Kg6 40. e4
Nf6 41. f3 Nd7 42. f4 Nc5 43. Rxb6 Nxe4 44. f5+ Kg5 45. Nxe4+ Rxe4 46. fxe6 Kf6
47. Rc6 Re2+ 48. Kg1 Rb2 49. b6 h5 50. h4 Ke7 51. Rc7+ Kxe6 52. Rxg7 Kf6 53.
Rg5 Rxb6 54. Rxh5 Rb2 55. Ra5 Kg6 56. Rg5+ Kh6 57. Rf5 Ra2 58. Rf2 Ra5 59. Kg2
Kh5 60. Re2 Rb5 61. Re4 Ra5 62. Kf3 Rf5+ 63. Ke3 Rf1 64. Re5+ Kg6 65. g4 Re1+
66. Kf4 Rf1+ 67. Kg3 Rg1+ 68. Kf3 Rf1+ 69. Kg2 Ra1 70. h5+ Kf6 71. Rf5+ Kg7 72.
Kg3 Kh6 73. Rf6+ Kg7 74. Rb6 Ra5 75. Kh4 Rc5 76. Rb7+ Kf6 77. g5+ Kf5 78. Rf7+
Ke6 79. Rf6+ Ke7 80. h6 Rc1 81. Kh5
1-0

[Event "Eliteserien 2017 - 18"]
[Site "Stavanger og Oslo"]
[Date "2017.11.03"]
[Round "1"]
[White "Strand, Håkon"]
[Black "Tisdall, Jonathan"]
[Result "0-1"]
[WhiteElo "2179"]
[BlackElo "2408"]
[PlyCount "136"]
[EventDate "2017.??.??"]

1. e4 e5 2. f4 d5 3. exd5 c6 4. d3 exf4 5. Bxf4 Qxd5 6. Nc3 Bb4 7. Qf3 Nf6 8.
Bd2 Qxf3 9. Nxf3 O-O 10. O-O-O Re8 11. d4 Bf5 12. Bc4 b5 13. Bb3 a5 14. Ne5 Ra7
15. a4 Bxc3 16. Bxc3 Be4 17. Rhg1 Bd5 18. Bxd5 Nxd5 19. Rge1 Rc8 20. Bd2 f6 21.
Nd3 Nd7 22. axb5 cxb5 23. Nf4 N7b6 24. Kb1 a4 25. Re6 a3 26. Nxd5 Nxd5 27. Rd6
axb2 28. Kxb2 Ne7 29. Rb6 Nc6 30. Bc3 Na5 31. Bxa5 Rxa5 32. d5 Rc7 33. d6 Rd7
34. Rd5 Kf7 35. c4 Ke6 36. Rdxb5 Rxb5+ 37. cxb5 g5 38. Kc3 Kd5 39. Rc6 f5 40.
Kd3 h5 41. h4 gxh4 42. Ke3 Ke6 43. Kd4 Rg7 44. Rc7 Rxg2 45. Kc5 Rc2+ 46. Kb6
Rd2 47. Kc5 Rd5+ 48. Kc4 Rxd6 49. Rh7 Rd1 50. Rxh5 Rh1 51. Kd4 h3 52. Ke3 Rb1
53. Kf2 Rb2+ 54. Kg3 Rxb5 55. Kxh3 Rb3+ 56. Kg2 Ke5 57. Kf2 Ke4 58. Rh8 Rb2+
59. Ke1 Kf3 60. Rg8 f4 61. Rg7 Rb1+ 62. Kd2 Kf2 63. Rg8 f3 64. Rg7 Rb8 65. Rg6
Rd8+ 66. Kc2 Kf1 67. Rg7 f2 68. Rg6 Rd5
0-1

[Event "Eliteserien 2017 - 18"]
[Site "Stavanger og Oslo"]
[Date "2017.11.03"]
[Round "1"]
[White "Ekeberg, Carl Fr."]
[Black "Kizatbay, Abyl"]
[Result "1-0"]
[WhiteElo "2261"]
[BlackElo "2145"]
[PlyCount "67"]
[EventDate "2017.??.??"]

1. e4 c5 2. Nf3 Nc6 3. Bb5 g6 4. Bxc6 bxc6 5. O-O Bg7 6. Re1 Nh6 7. c3 O-O 8.
h3 f6 9. d4 cxd4 10. cxd4 Nf7 11. Nc3 d6 12. Be3 Rb8 13. Qc2 Qa5 14. Rad1 Bd7
15. b3 Rbd8 16. Bd2 Qh5 17. Ne2 Ng5 18. Nxg5 fxg5 19. Ng3 Qh4 20. Ba5 Rc8 21.
e5 dxe5 22. dxe5 Be6 23. Qc5 Bd5 24. Rd4 Qh6 25. Qxe7 Rce8 26. Qd7 Kh8 27. Bc7
g4 28. Qxg4 Rf7 29. Bd6 Rf6 30. exf6 Rxe1+ 31. Kh2 Bxf6 32. Rxd5 cxd5 33. Qc8+
Kg7 34. Qf8#
1-0

[Event "Eliteserien 2017 - 18"]
[Site "Stavanger og Oslo"]
[Date "2017.11.03"]
[Round "1"]
[White "Kakushadze, Ilia"]
[Black "Hammerstad, Åsmund"]
[Result "1-0"]
[WhiteElo "2133"]
[BlackElo "2199"]
[PlyCount "73"]
[EventDate "2017.??.??"]

1. e4 e6 2. d4 d5 3. Nd2 a6 4. Bd3 c5 5. c3 cxd4 6. cxd4 dxe4 7. Nxe4 Bb4+ 8.
Nc3 Nc6 9. Nf3 Nf6 10. O-O O-O 11. Bg5 Be7 12. Rc1 Nb4 13. Bb1 b5 14. a3 Nbd5
15. Qd3 g6 16. Bh6 Re8 17. Ne5 Bb7 18. Ne2 Bf8 19. Bg5 Rc8 20. Ng3 Be7 21. Qf3
Kg7 22. Nh5+ gxh5 23. Bh6+ Kxh6 24. Nxf7+ Kg7 25. Nxd8 Rcxd8 26. Rfe1 Bd6 27.
Re5 Re7 28. Rce1 Bxe5 29. dxe5 Ng4 30. h3 Nh6 31. Qxh5 Nf7 32. Qxh7+ Kf8 33.
Rd1 Ke8 34. Bg6 Kd7 35. Bxf7 Rf8 36. Bxe6+ Kxe6 37. Qg6+
1-0

[Event "Eliteserien 2017 - 18"]
[Site "Stavanger og Oslo"]
[Date "2017.11.03"]
[Round "1"]
[White "Elsness, Frode"]
[Black "Bern, Ivar"]
[Result "1-0"]
[WhiteElo "2477"]
[BlackElo "2317"]
[PlyCount "59"]
[EventDate "2017.??.??"]

1. Nf3 c5 2. c4 Nc6 3. Nc3 e5 4. g3 g6 5. Bg2 Bg7 6. d3 Nge7 7. h4 h6 8. h5 g5
9. Nxg5 hxg5 10. Bxg5 Bh6 11. Bxh6 Rxh6 12. Qd2 Ng8 13. g4 d6 14. g5 Rh8 15. h6
Bf5 16. f4 Qa5 17. e4 Bd7 18. f5 Nd4 19. g6 fxg6 20. fxg6 O-O-O 21. h7 Nf6 22.
O-O-O Ne6 23. Qh6 Ng4 24. Qh4 Nf4 25. g7 Nxg2 26. Qg5 Nf4 27. g8=Q Nf2 28. Q5g7
N4xd3+ 29. Rxd3 Nxd3+ 30. Kd2
1-0

[Event "Eliteserien 2017 - 18"]
[Site "Stavanger og Oslo"]
[Date "2017.11.03"]
[Round "1"]
[White "Haldorsen, Benjamin"]
[Black "Urkedal, Frode Olav Olsen"]
[Result "1/2-1/2"]
[WhiteElo "2409"]
[BlackElo "2571"]
[PlyCount "85"]
[EventDate "2017.??.??"]

1. e4 e5 2. Nf3 Nc6 3. Nc3 Nf6 4. Bb5 Nd4 5. Nxd4 exd4 6. e5 dxc3 7. exf6 Qxf6
8. dxc3 Qe5+ 9. Qe2 Qxe2+ 10. Bxe2 d5 11. Bf4 c6 12. c4 Be6 13. cxd5 Bxd5 14.
O-O Bc5 15. Rad1 O-O 16. c4 Be6 17. Bd6 Bxd6 18. Rxd6 Rfd8 19. Rfd1 Rxd6 20.
Rxd6 a5 21. f4 Kf8 22. Kf2 a4 23. a3 Ke7 24. Rd4 c5 25. Rd2 Ra6 26. g3 Rb6 27.
Bd1 Bxc4 28. Bxa4 Bb3 29. Bd7 h5 30. Bf5 Be6 31. Be4 Kf6 32. Rc2 Rb5 33. Bd3
Rb3 34. Be2 g6 35. Rd2 Rb6 36. Rc2 Bf5 37. Rd2 Bg4 38. Bc4 Be6 39. Be2 Kf5 40.
Bd3+ Kf6 41. Be2 Kf5 42. Bd3+ Kf6 43. Be2
1/2-1/2

[Event "Eliteserien 2017 - 18"]
[Site "Stavanger og Oslo"]
[Date "2017.11.03"]
[Round "1"]
[White "Nasuta, Grzegorz"]
[Black "Stokke, Kjetil"]
[Result "1-0"]
[WhiteElo "2452"]
[BlackElo "2335"]
[PlyCount "81"]
[EventDate "2017.??.??"]

1. e4 g6 2. d4 Bg7 3. Nc3 d6 4. h3 c6 5. a4 Nf6 6. Be3 Qa5 7. Qd2 O-O 8. Nge2
e5 9. g4 exd4 10. Bxd4 Nbd7 11. Bg2 Re8 12. O-O Nc5 13. Be3 b6 14. Ng3 Qb4 15.
e5 Rxe5 16. Bxc6 Bb7 17. Bxb7 Nxb7 18. Rfd1 Rc8 19. Nb5 Qxd2 20. Rxd2 Ne4 21.
Nxe4 Rxe4 22. c3 Be5 23. Nxa7 Rcc4 24. Bxb6 Rxa4 25. Rxa4 Rxa4 26. Nc6 Ra6 27.
Ne7+ Kf8 28. Nd5 Nc5 29. Bxc5 dxc5 30. f4 Bd6 31. Kg2 c4 32. Kf3 Bc5 33. g5 Rd6
34. Rd1 Rc6 35. Nf6 Be7 36. Nd7+ Ke8 37. Ne5 Rc5 38. Rd4 f6 39. gxf6 Bxf6 40.
Rxc4 Ra5 41. Rc8+
1-0

[Event "Eliteserien 2017 - 18"]
[Site "Stavanger og Oslo"]
[Date "2017.11.03"]
[Round "1"]
[White "Gullaksen, Eirik"]
[Black "Nilsen, Joachim B."]
[Result "0-1"]
[WhiteElo "2353"]
[BlackElo "2416"]
[PlyCount "78"]
[EventDate "2017.??.??"]

1. e4 c5 2. Nf3 e6 3. d3 Nc6 4. g3 d5 5. Nbd2 Nf6 6. Bg2 Be7 7. O-O b6 8. Re1
Bb7 9. a3 Qc7 10. Nf1 dxe4 11. dxe4 Ba6 12. Bf4 e5 13. Bg5 Rd8 14. Qb1 Nd4 15.
Bxf6 Bxf6 16. Ne3 Bb7 17. Ng4 Nxf3+ 18. Bxf3 Bg5 19. Ne3 O-O 20. Qa2 Bxe3 21.
Rxe3 Rd2 22. Qc4 Rfd8 23. Qc3 R2d4 24. Ree1 g6 25. Qe3 Qc6 26. Bg2 Qb5 27. Qc3
f6 28. h4 Kg7 29. Rac1 Qd7 30. Qe3 Qb5 31. Qc3 h6 32. Bf1 Qd7 33. Bg2 g5 34.
hxg5 hxg5 35. Qe3 Qg4 36. Qf3 Qxf3 37. Bxf3 f5 38. b3 Kf6 39. Bg2 f4
0-1

[Event "Eliteserien 2017 - 18"]
[Site "Stavanger og Oslo"]
[Date "2017.11.03"]
[Round "1"]
[White "Risting, Eivind Olav"]
[Black "Merkesvik, Sondre"]
[Result "1-0"]
[WhiteElo "2308"]
[BlackElo "2210"]
[PlyCount "89"]
[EventDate "2017.??.??"]

1. Nf3 Nf6 2. c4 g6 3. Nc3 c5 4. d4 Bg7 5. d5 e6 6. Bf4 exd5 7. cxd5 a6 8. a4
d6 9. h3 O-O 10. e3 Nh5 11. Bh2 f5 12. Be2 f4 13. e4 Nd7 14. O-O Ne5 15. Nxe5
Bxe5 16. Bxh5 gxh5 17. Qxh5 Bd7 18. a5 Be8 19. Qd1 f3 20. Bxe5 dxe5 21. Kh2 Qh4
22. g3 Qh5 23. Rg1 Bd7 24. g4 Qh4 25. Rg3 Rf4 26. d6 Be6 27. Nd5 Rxg4 28. Qxf3
Rxg3 29. Qxg3+ Qxg3+ 30. Kxg3 Kf7 31. Rc1 Bxd5 32. exd5 Rc8 33. b4 c4 34. d7
Rd8 35. Rxc4 Rxd7 36. Kf3 Ke7 37. Rh4 Kf6 38. Ke4 Kg5 39. Rg4+ Kf6 40. Rg3 Rc7
41. Rf3+ Ke7 42. Kxe5 Rc4 43. d6+ Ke8 44. Rf4 Rc3 45. Rh4
1-0

[Event "Eliteserien 2017 - 18"]
[Site "Stavanger og Oslo"]
[Date "2017.11.03"]
[Round "1"]
[White "Muhseen, Abdullah Mohammed"]
[Black "Ranaldi, Lucas"]
[Result "1-0"]
[WhiteElo "2197"]
[BlackElo "2277"]
[PlyCount "101"]
[EventDate "2017.??.??"]

1. d4 Nf6 2. c4 e6 3. Nf3 c5 4. e3 b6 5. Nc3 Bb7 6. Be2 g6 7. O-O Bg7 8. dxc5
bxc5 9. Qd6 Na6 10. a3 Qe7 11. Qd3 d5 12. cxd5 exd5 13. Qb5+ Qd7 14. Qa5 c4 15.
e4 Nxe4 16. Nxe4 dxe4 17. Ne5 Qd5 18. Qa4+ Ke7 19. Rd1 Nc5 20. Rxd5 Nxa4 21.
Rd7+ Ke8 22. Rxb7 Bxe5 23. Bxc4 Nc5 24. Rxf7 Nd3 25. Rb7 Rb8 26. Rxa7 Bd4 27.
Bf7+ Kf8 28. Bh6+ Bg7 29. Bxg7+ Kxg7 30. Bd5+ Kh6 31. Bxe4 Nxb2 32. Rb7 Rxb7
33. Bxb7 Rb8 34. Ba6 Rb6 35. Bf1 Na4 36. f3 Rb2 37. Bc4 Kg5 38. Re1 Nb6 39. Bf7
Rd2 40. Re3 Na4 41. Be8 Nb2 42. Bb5 Rd5 43. Rb3 Rd1+ 44. Kf2 Rd2+ 45. Kg3 h5
46. h4+ Kf6 47. Bf1 Na4 48. Rd3 Ra2 49. Rd6+ Kg7 50. Bd3 Rxa3 51. Rxg6+
1-0

[Event "Eliteserien 2017 - 18"]
[Site "Stavanger og Oslo"]
[Date "2017.11.03"]
[Round "2"]
[White "Hagen, Anders G"]
[Black "Aulin-Jansson, Jøran"]
[Result "1/2-1/2"]
[WhiteElo "2219"]
[BlackElo "2270"]
[PlyCount "150"]
[EventDate "2017.??.??"]

1. d4 Nf6 2. c4 e6 3. Nc3 Bb4 4. e3 O-O 5. Bd3 d5 6. Nf3 c5 7. O-O cxd4 8. exd4
dxc4 9. Bxc4 b6 10. Bg5 Bb7 11. Rc1 Be7 12. Re1 Nc6 13. a3 Rc8 14. Ba2 Nd5 15.
Bd2 Nf6 16. Bg5 h6 17. Bf4 Bd6 18. Bxd6 Qxd6 19. d5 exd5 20. Nxd5 Nxd5 21. Qxd5
Qf6 22. Qd7 Ne5 23. Nxe5 Rxc1 24. Rxc1 Qxe5 25. Qxb7 Qxb2 26. Re1 Qxa2 27. Qxa7
Qd2 28. Kf1 b5 29. Qe3 Qd6 30. g3 Ra8 31. Rb1 Qc6 32. Kg1 Re8 33. Qd3 Re4 34.
h3 Rc4 35. Re1 g6 36. Kh2 Rc2 37. Qd4 Rc4 38. Qe5 Kh7 39. Qe3 Rc3 40. Qa7 Qd5
41. Re7 Kg7 42. Rd7 Qc4 43. Kg2 Rxa3 44. Rxf7+ Qxf7 45. Qxa3 Qb7+ 46. Kf1 b4
47. Qb2+ Kf7 48. Qb3+ Kf6 49. Qb2+ Kf7 50. Qb3+ Kg7 51. Ke2 Qe4+ 52. Kd2 Qd4+
53. Ke2 Kf6 54. Qg8 Qb2+ 55. Ke3 Qc3+ 56. Ke4 Qc2+ 57. Ke3 Qc5+ 58. Ke4 Qc6+
59. Kd4 Qb6+ 60. Kd5 Qb5+ 61. Kd4 Qe5+ 62. Kd3 Qc3+ 63. Ke4 Qe1+ 64. Kf3 Qf1
65. Ke3 Qb5 66. Kd4 b3 67. Qf8+ Ke6 68. Qg8+ Kd7 69. Qf7+ Kc8 70. Qg8+ Kc7 71.
Qf7+ Kb6 72. Qxg6+ Ka5 73. Kc3 b2 74. Qb1 Qc5+ 75. Kxb2 Qxf2+
1/2-1/2

[Event "Eliteserien 2017 - 18"]
[Site "Stavanger og Oslo"]
[Date "2017.11.03"]
[Round "2"]
[White "Østmoe, Geir Sune Tallaksen"]
[Black "Elsness, Frode"]
[Result "1-0"]
[WhiteElo "2464"]
[BlackElo "2477"]
[PlyCount "87"]
[EventDate "2017.??.??"]

1. d4 Nf6 2. c4 e6 3. Nf3 d5 4. g3 Be7 5. Bg2 O-O 6. O-O dxc4 7. Qc2 a6 8. Qxc4
b5 9. Qc2 Bb7 10. Bd2 Be4 11. Qc1 c6 12. Be3 Nbd7 13. Nc3 Bg6 14. Rd1 Rc8 15.
Qd2 b4 16. Na4 Ne4 17. Qe1 Qa5 18. b3 Rfd8 19. Nd2 Nxd2 20. Rxd2 c5 21. Bb7 Rb8
22. dxc5 Nxc5 23. Bxc5 Rxb7 24. Bxe7 Rxe7 25. Rc1 Rxd2 26. Qxd2 Re8 27. Rc4 Rd8
28. Qxb4 Qe5 29. Nc3 h5 30. Qb6 Rd2 31. Qxa6 Bd3 32. Qc8+ Kh7 33. Rc5 Rd1+ 34.
Nxd1 Qxe2 35. Ne3 Qe1+ 36. Kg2 Be4+ 37. Kh3 Qxf2 38. Rxh5+ Kg6 39. Rh6+ Kg5 40.
Qd8+ f6 41. Rxf6 gxf6 42. Qg8+ Bg6 43. Qxe6 Qxa2 44. Ng4
1-0

[Event "Eliteserien 2017 - 18"]
[Site "Stavanger og Oslo"]
[Date "2017.11.03"]
[Round "2"]
[White "Urkedal, Frode Olav Olsen"]
[Black "Haubro, Martin"]
[Result "1-0"]
[WhiteElo "2571"]
[BlackElo "2297"]
[PlyCount "87"]
[EventDate "2017.??.??"]

1. d4 f5 2. Bg5 g6 3. Nc3 Bg7 4. e3 Nc6 5. Bc4 h6 6. Bh4 Nf6 7. Nge2 g5 8. Bg3
d6 9. a3 e6 10. Qd3 Qe7 11. f3 Bd7 12. O-O-O O-O-O 13. e4 Rhf8 14. exf5 exf5
15. Rhe1 Nh5 16. Nd5 Qe8 17. Nec3 Qg6 18. Nb5 Kb8 19. Nbxc7 Nxg3 20. Na6+ Kc8
21. hxg3 Rde8 22. Nab4 Rxe1 23. Rxe1 Re8 24. Re3 Bxd4 25. Nxc6 Bxe3+ 26. Qxe3
Bxc6 27. Qxa7 Qg7 28. Qa8+ Kd7 29. Qa5 Bxd5 30. Bb5+ Ke6 31. Bxe8 Qd4 32. Qe1+
Kf6 33. Bh5 Qe5 34. Qxe5+ Kxe5 35. Kd2 f4 36. g4 Bc4 37. Bg6 b6 38. Bd3 Bf7 39.
Kc3 Be8 40. b3 Bd7 41. a4 d5 42. b4 Kd6 43. Kd4 Bc6 44. a5
1-0

[Event "Eliteserien 2017 - 18"]
[Site "Stavanger og Oslo"]
[Date "2017.11.03"]
[Round "2"]
[White "Østenstad, Berge"]
[Black "Nasuta, Grzegorz"]
[Result "0-1"]
[WhiteElo "2448"]
[BlackElo "2452"]
[PlyCount "116"]
[EventDate "2017.??.??"]

1. d4 d5 2. c4 c6 3. Nf3 Nf6 4. e3 Bg4 5. Nc3 e6 6. Qb3 Qb6 7. Nh4 Bh5 8. h3
Be7 9. g4 Bg6 10. Nxg6 hxg6 11. Bg2 g5 12. c5 Qxb3 13. axb3 Na6 14. Bd2 Nc7 15.
Ke2 a6 16. b4 O-O-O 17. Raf1 Nd7 18. f4 gxf4 19. exf4 g6 20. g5 Rh7 21. h4 Rdh8
22. Be1 Ne8 23. Bf3 Ng7 24. Bg4 Nf5 25. Bxf5 exf5 26. Rhg1 Nf8 27. Kd3 Kd7 28.
Bg3 Bd8 29. Ne2 Bc7 30. Be1 Ne6 31. Bg3 Re8 32. Nc3 f6 33. gxf6 Bd8 34. Be1 Nf8
35. f7 Rxf7 36. Rg2 Rh7 37. Rh1 Ke7 38. Rgh2 Ne6 39. Ne2 Reh8 40. h5 Rxh5 41.
Rxh5 gxh5 42. Bh4+ Kf7 43. Bxd8 Nxd8 44. Ng1 Ne6 45. Ke3 h4 46. Nf3 h3 47. Rh2
Kf6 48. Rh1 Ke7 49. Rh2 Kd8 50. Rh1 Kc7 51. Ng1 Re8 52. Nf3 Nxc5+ 53. Ne5 Ne4
54. Rxh3 Rg8 55. Rh7+ Kb6 56. Rf7 Rg3+ 57. Nf3 Nd6 58. Rf6 Kc7
0-1

[Event "Eliteserien 2017 - 18"]
[Site "Stavanger og Oslo"]
[Date "2017.11.03"]
[Round "2"]
[White "Risting, Eivind Olav"]
[Black "Tisdall, Jonathan"]
[Result "1-0"]
[WhiteElo "2308"]
[BlackElo "2408"]
[PlyCount "91"]
[EventDate "2017.??.??"]

1. d4 Nf6 2. c4 e6 3. Nc3 Bb4 4. Qc2 d5 5. cxd5 Qxd5 6. e3 c5 7. Bd2 Bxc3 8.
Bxc3 cxd4 9. Bxd4 Nc6 10. Bc3 Bd7 11. Nf3 Rc8 12. a3 Ne7 13. Bd3 Qh5 14. Qe2
Bc6 15. Ne5 Qxe2+ 16. Kxe2 Nfd5 17. Bd4 f6 18. Nc4 Ra8 19. b4 e5 20. Bb2 Nb6
21. Rac1 O-O 22. f3 Rfd8 23. Na5 Na4 24. Nxc6 Nxc6 25. Ba1 Rd6 26. b5 Na5 27.
Bc3 Rxd3 28. Kxd3 Rd8+ 29. Ke2 Nb3 30. Bb4 Nxc1+ 31. Rxc1 Rd7 32. Rc8+ Kf7 33.
Ra8 b6 34. Rc8 a5 35. bxa6 Ra7 36. e4 Rxa6 37. Rc7+ Kg8 38. Rc8+ Kf7 39. Kd3 b5
40. Rc7+ Kg8 41. Kc2 h5 42. Kb3 Rb6 43. Ba5 Rb8 44. Rc2 g5 45. Kb4 g4 46. Bc7
1-0

[Event "Eliteserien 2017 - 18"]
[Site "Stavanger og Oslo"]
[Date "2017.11.03"]
[Round "2"]
[White "Ekeberg, Carl Fr."]
[Black "Ranaldi, Lucas"]
[Result "1-0"]
[WhiteElo "2261"]
[BlackElo "2277"]
[PlyCount "97"]
[EventDate "2017.??.??"]

1. Nf3 Nf6 2. c4 b6 3. g3 Bb7 4. Bg2 g6 5. b3 Bg7 6. Bb2 c5 7. d4 O-O 8. O-O d6
9. d5 e6 10. Nfd2 exd5 11. cxd5 b5 12. e4 Re8 13. Qc2 Nbd7 14. a4 a6 15. Nc3
Qb6 16. Rfd1 Rac8 17. Bf1 c4 18. b4 Ne5 19. h3 bxa4 20. Nxa4 Qa7 21. Bc3 Rc7
22. Qb2 Nh5 23. Bd4 Qb8 24. f4 Nd3 25. Bxd3 cxd3 26. Bxg7 Nxg7 27. Qd4 Bc8 28.
Kg2 Rb7 29. Nc4 Rxb4 30. Qxd3 f5 31. e5 dxe5 32. fxe5 Rb3 33. Rdb1 Rxb1 34.
Rxb1 Qa7 35. Nd6 Rd8 36. Nxc8 Rxc8 37. Nb6 Rb8 38. Qd4 Qc7 39. Rb2 Re8 40. Nc4
f4 41. Nd6 Rf8 42. gxf4 Qc1 43. Rf2 Nh5 44. f5 gxf5 45. Qd2 Qxd2 46. Rxd2 Nf4+
47. Kf3 Ng6 48. e6 f4 49. Rg2
1-0

[Event "Eliteserien 2017 - 18"]
[Site "Stavanger og Oslo"]
[Date "2017.11.03"]
[Round "2"]
[White "Fossan, Erik"]
[Black "Bern, Ivar"]
[Result "1/2-1/2"]
[WhiteElo "2342"]
[BlackElo "2317"]
[PlyCount "63"]
[EventDate "2017.??.??"]

1. e4 c5 2. c3 Nf6 3. e5 Nd5 4. d4 cxd4 5. Nf3 Nc6 6. Bc4 Nb6 7. Bb3 d5 8. exd6
Qxd6 9. O-O Be6 10. Nxd4 Nxd4 11. cxd4 Bxb3 12. Qxb3 e6 13. Nc3 Be7 14. d5 Nxd5
15. Rd1 O-O 16. Nxd5 exd5 17. Rxd5 Qe6 18. Be3 b6 19. Rad1 Rad8 20. Rxd8 Rxd8
21. Rxd8+ Bxd8 22. Qxe6 fxe6 23. Kf1 Kf7 24. Ke2 a6 25. a4 b5 26. axb5 axb5 27.
Kd3 e5 28. Ke4 Ke6 29. Bc5 g6 30. f3 Bc7 31. b3 Bb8 32. Bb4
1/2-1/2

[Event "Eliteserien 2017 - 18"]
[Site "Stavanger og Oslo"]
[Date "2017.11.03"]
[Round "2"]
[White "Haldorsen, Benjamin"]
[Black "Fossan, Petter"]
[Result "0-1"]
[WhiteElo "2409"]
[BlackElo "2304"]
[PlyCount "116"]
[EventDate "2017.??.??"]

1. e4 c5 2. Nf3 g6 3. d4 cxd4 4. Qxd4 Nf6 5. Nc3 Nc6 6. Qa4 d6 7. e5 dxe5 8.
Nxe5 Bd7 9. Nxd7 Qxd7 10. Be3 Bg7 11. Rd1 Qc8 12. Be2 O-O 13. O-O a6 14. h3 b5
15. Qh4 Qe6 16. Bf3 Rab8 17. Bxc6 Qxc6 18. Qb4 Rfe8 19. a3 Bf8 20. Qc5 Qb7 21.
Nd5 Rbc8 22. Nxf6+ exf6 23. Qd4 Rxc2 24. Rc1 Rcc8 25. Rxc8 Rxc8 26. Bd2 Rc6 27.
Re1 Qb6 28. Qf4 Qc7 29. Qf3 h5 30. g3 Qd7 31. Bc3 Bg7 32. Rd1 Rd6 33. Rxd6 Qxd6
34. g4 h4 35. Kg2 Qe6 36. Qd3 Kh7 37. Qd4 Qe5 38. f4 Qe2+ 39. Qf2 Qe4+ 40. Kg1
Kg8 41. f5 Bh6 42. Qxh4 Be3+ 43. Kf1 Qf3+ 44. Ke1 Bg5 45. Qf2 Qxh3 46. Qb6 Qg3+
47. Kf1 Qd3+ 48. Kg2 Qe2+ 49. Kg3 Qd3+ 50. Kg2 gxf5 51. gxf5 Qe4+ 52. Kg3 Qf4+
53. Kg2 Qg4+ 54. Kf2 Qxf5+ 55. Ke2 Qe6+ 56. Qxe6 fxe6 57. Kf3 f5 58. b3 Kf7
0-1

[Event "Eliteserien 2017 - 18"]
[Site "Stavanger og Oslo"]
[Date "2017.11.03"]
[Round "2"]
[White "Tallaksen, Levi André"]
[Black "Stokke, Kjetil"]
[Result "1-0"]
[WhiteElo "2276"]
[BlackElo "2335"]
[PlyCount "77"]
[EventDate "2017.??.??"]

1. d4 d5 2. c4 e6 3. Nc3 c6 4. e3 Nf6 5. Nf3 Nbd7 6. Bd3 dxc4 7. Bxc4 b5 8. Bd3
a6 9. e4 c5 10. e5 cxd4 11. Nxb5 axb5 12. exf6 gxf6 13. O-O Qb6 14. Qe2 Bb7 15.
Bxb5 Rg8 16. Bf4 Bd6 17. Bxd6 Qxd6 18. Rfd1 Qd5 19. Bxd7+ Qxd7 20. Rxd4 Qc6 21.
Kh1 Ke7 22. Rc4 Qb6 23. Rac1 Rg6 24. a3 Bd5 25. Rb4 Qd6 26. Nh4 Rg5 27. f4 Rxg2
28. Nxg2 Rg8 29. Rg1 Qc5 30. Re4 h5 31. Re3 h4 32. h3 Qd4 33. Rd3 Qc4 34. Qd2
Qe4 35. Qb4+ Qxb4 36. axb4 Be4 37. Re3 Bd5 38. Kh2 Rb8 39. Rd1
1-0

[Event "Eliteserien 2017 - 18"]
[Site "Stavanger og Oslo"]
[Date "2017.11.03"]
[Round "2"]
[White "Gullaksen, Eirik"]
[Black "Strand, Håkon"]
[Result "1-0"]
[WhiteElo "2353"]
[BlackElo "2179"]
[PlyCount "147"]
[EventDate "2017.??.??"]

1. e4 c5 2. Nf3 d6 3. d4 cxd4 4. Nxd4 Nf6 5. Nc3 a6 6. Bc4 e6 7. O-O b5 8. Bb3
b4 9. Na4 Bd7 10. Re1 Nc6 11. c3 Rb8 12. f3 bxc3 13. Nxc3 Be7 14. Nxc6 Bxc6 15.
Qd3 a5 16. Be3 Nd7 17. Qe2 O-O 18. Red1 Qc7 19. Rac1 Nc5 20. Bc4 Qb7 21. Rc2
Rfd8 22. Rcd2 Na4 23. Nxa4 Bxa4 24. b3 Bb5 25. Bxb5 Qxb5 26. Kf1 d5 27. Qxb5
Rxb5 28. Rd3 f6 29. Ke2 Kf7 30. a4 Rb7 31. exd5 exd5 32. Rxd5 Rxd5 33. Rxd5
Rxb3 34. Rxa5 Rb2+ 35. Kf1 Bd6 36. f4 g5 37. fxg5 fxg5 38. Rf5+ Ke6 39. Rxg5
Bxh2 40. Rh5 Rb1+ 41. Ke2 Bg1 42. Bd2 Rb7 43. Bc3 Rf7 44. Kd3 Kd6 45. Rh1 Ba7
46. Rh6+ Kd5 47. Rh5+ Kc6 48. Rg5 Bg1 49. Ke4 Kb6 50. g4 Ka6 51. Re5 Rc7 52.
Re6+ Kb7 53. Kd3 Rd7+ 54. Kc4 Rc7+ 55. Kb4 Bc5+ 56. Kb5 Bg1 57. Bb4 Rg7 58.
Re7+ Rxe7 59. Bxe7 Be3 60. Bd6 Bg5 61. a5 Bd2 62. a6+ Ka8 63. Bc5 Bc1 64. Kc6
Bd2 65. Kd7 Bc1 66. Ke6 Bd2 67. Kf7 Bc1 68. Kg7 Bd2 69. Kxh7 Bc1 70. Kg6 Bd2
71. Kf5 Bc1 72. Bd6 Ka7 73. Bf4 Bb2 74. g5
1-0

[Event "Eliteserien 2017 - 18"]
[Site "Stavanger og Oslo"]
[Date "2017.11.03"]
[Round "2"]
[White "Kizatbay, Abyl"]
[Black "Merkesvik, Sondre"]
[Result "0-1"]
[WhiteElo "2145"]
[BlackElo "2210"]
[PlyCount "66"]
[EventDate "2017.??.??"]

1. e4 c6 2. Nf3 d5 3. Nc3 Nf6 4. exd5 cxd5 5. d4 Nc6 6. Be2 Bg4 7. O-O e6 8.
Bf4 Be7 9. h3 Bh5 10. Re1 O-O 11. Bh2 Qb6 12. Na4 Qa5 13. c3 b5 14. Nc5 Bxc5
15. dxc5 Bxf3 16. Bxf3 b4 17. Bd6 Rfc8 18. Re3 Ne8 19. cxb4 Qxb4 20. Rb3 Qa5
21. Bg3 Ne7 22. Rb7 Nf5 23. Be5 Qxc5 24. Bh5 Ned6 25. Rb3 Ne4 26. Rf3 Qc2 27.
Qe1 Qd2 28. Qf1 Qg5 29. Bg4 Nd2 30. Qe2 Nxf3+ 31. Qxf3 Rc1+ 32. Rxc1 Qxc1+ 33.
Kh2 Qc2
0-1

[Event "Eliteserien 2017 - 18"]
[Site "Stavanger og Oslo"]
[Date "2017.11.03"]
[Round "2"]
[White "Muhseen, Abdullah Mohammed"]
[Black "Kakushadze, Ilia"]
[Result "1-0"]
[WhiteElo "2197"]
[BlackElo "2133"]
[PlyCount "61"]
[EventDate "2017.??.??"]

1. d4 Nf6 2. c4 c5 3. d5 b5 4. cxb5 a6 5. b6 d6 6. Nc3 Nbd7 7. e4 g6 8. f4 Bg7
9. Nf3 O-O 10. Be2 Qxb6 11. O-O c4+ 12. Kh1 Ng4 13. Qe1 Ne3 14. Bxe3 Qxe3 15.
Qc1 Qxc1 16. Raxc1 Rb8 17. Rc2 Nc5 18. Nd2 Nd3 19. Nxc4 Nxb2 20. Rb1 Bxc3 21.
Rxc3 Bg4 22. Bxg4 Nxc4 23. Re1 Rb4 24. a3 Ra4 25. Bd7 Nb6 26. Bxa4 Nxa4 27. Rc7
e6 28. e5 exd5 29. exd6 Rd8 30. d7 Nb6 31. Re8+
1-0